1894 1019 1805 1563 1126 1621 1780 1792 1879 1750 1341 1403 1729 1156 1188 1010 1257 1329 1907 1617 1067 1998 1094 1875 1395 1355 1711 1940 1025 1479 1609 1295 1520 1929 1517 1459 1783 1432 1245 1850 1931 1377 1964 1080 1412 1202 1050 1888 1123 1997 1362 1225 1912 1021 1964 1798 1077 1535 1491 1029 1176 1926 1731 1797 1630 1495 1249 1136 1378 1317 1029 1236 1289 1147 1388 1684 1410 1791 1423 1995 1381 1044 1210 1792 1339 1931 1224 1476 1938 1294 1801 1890 1588 1352 1268 1063 1836 1280 1288 BCNSPRNW ULIB Ver.6.0+V

เปลี่ยนเป็นภาษาไทย

Change to English
 แสดงรายละเอียดบรรณานุกรม
  กลับหน้าหลัก

Brief Record : Get Marc (ISO 2709) : E-mail record : QR code < ปิดหน้าต่าง
LEADER : 00000nam 2200000uu 4500
001    13399129159
003     ULIB
008    250903s2017||||th 000 0 tha d
020 ^^ ^a9786169015727
060 ^^ ^aQV39^bM662
245 ^^ ^aMIMS pediatrics Thailand 2017/2018^cTIMS (Thailand) Ltd
260 ^^ ^aBangkok :^bTIMS (Thailand) Ltd,^c2017
300 ^^ ^a221 p.
650 ^^ ^aDrugs
710 ^^ ^aTIMS (Thailand) Ltd
945    ^p0^l0^i011929
999    ^aประนอม เกษจรัล
รายการนี้ยังไม่มีแท็ก
คุณยังไม่ได้ล็อกอิน คุณสามารถมีกิจกรรมร่วมกับเว็บไซต์ได้ แต่ต้องล็อกอินก่อน ::
  ล็อกอิน

รายการสื่อสารสนเทศ

ลำดับที่ ประเภท เลขเรียก/บาร์โค้ด สถานที่ สถานะ
1. วิทยาศาสตร์การแพทย์ และสุขภาพ
หนังสือสำรอง
สถานะ=หนังสือสำรอง
QV39 M662 ฉ.1 
  Barcode: 011929
ห้องสมุดวิทยาเขตสวรรค์ประชารักษ์
►หนังสือทั่วไป
บนชั้น

รายการใกล้เคียง
    หัวเรื่อง [Drugs]

BibComment


ยังไม่เคยถูกคอมเมนท์

คอมเมนท์ทรัพยากรรายการนี้
  คอมเมนท์: MIMS pediatrics ..


 Copyright 2026. Bcnsprnw @Library